000 00551cam a2200217 4500
001 1729494
005 20180109045706.0
008 720417s1972 njua b 001 0 eng
010 _a 73181299
020 _a013517466X
_a0135174589 (pbk.)
040 _aDLC
_cDLC
_dDLC
041 _aeng
080 _a331 FRE
082 0 0 _a331 FRE
100 1 _a52
101 _aEKO
245 0 0 _aLabor economics
_c[by] Richard B. Freeman.
504 _aIncludes bibliographies.
906 _a7
_bcbc
_corignew
_d2
_encip
_f19
_gy-gencatlg
942 _2ddc
_cBK
999 _c39883
_d39883